| 000 | 01143cam a2200205 4500 | ||
|---|---|---|---|
| 001 | WB@3612-86 | ||
| 008 | 041123n2004 000 0 eng u | ||
| 035 | _a(Sirsi) u128086 | ||
| 245 | _aEuropean procurement abuse | ||
| 260 | _c2004 | ||
| 490 |
_aBuilding _v(269) 8358 19 November 2004, 15(1) |
||
| 520 | _aThe "Wood Review: investigating UK business experiences of competing for public contracts in other EU countries" has found that UK firms are unfairly missing out on work abroad because European clients flout directives on open procurement. The EU directives were meant to increase competition, lead to lower prices and encourage improved performance and innovation. However the report has found that contracts are awarded to national suppliers even when foreign bidders offer a better price. The report can be downloaded from: http://www.ogc.gov.uk/index.asp?id=1000084http://w ww.ogc.gov.uk/index.asp?id=1000084. | ||
| 590 | _aWB | ||
| 590 | _aWB | ||
| 650 | _aEU PROCUREMENT | ||
| 650 | _aPROCUREMENT METHODS | ||
| 650 | _aEUROPE | ||
| 690 | _aBUILDING AND CONSTRUCTION-PROCUREMENT, PARTNERING, TENDERING | ||
| 942 | _n0 | ||
| 999 |
_c118353 _d118353 |
||